000 01115 a2200241 4500
003 Nust
005 20230307112351.0
010 _a 91035693
020 _a0385422814 (hard) :
040 _cNust
082 0 0 _a355.033,ELS
245 0 0 _aBut was it just? :
_breflections on the morality of the Persian Gulf War /
_cJean Bethke Elshtain ... [et al.] ; with an appendix from La Civiltᡠcattolica translated by Peter Heinegg ; edited by David E. DeCosse.
250 _a1st ed.
260 _aNew York :
_bDoubleday,
_c1992.
300 _ax, 132 p. ;
_c22 cm.
505 _aJustice and Injustice in the Gulf War (Page-1), From Last Resort to Endgame (Page-19), Just War as Politics (Page-43), Can Wars be Just? A Palestinian Viewpoint of the Gulf War (Page-61), Whose Just War? Which Peace Stanley Hauerwas (Page-83).
650 0 _aJust war doctrine.
_937137
650 0 _aPersian Gulf War, 1991
_xMoral and ethical aspects.
_9107045
650 0 _aPersian Gulf War, 1991
_xReligious aspects.
_9107046
700 1 _aDeCosse, David E.
_979837
700 1 _aElshtain, Jean Bethke,
_d1941-
_9107047
942 _2ddc
_cBK
999 _c185664
_d185664